古典常識 - Statistics

General Stats
  • This quiz has been taken 176 times
  • The average score is 17 of 39
Answer Stats
Hint 漢字 読み % Correct
直衣・狩衣姿のときに頭に被るもの 烏帽子 えぼし
87%
インドの古い呼び名 天竺 てんぢく
87%
松の木や竹を束ねて火をつけ屋外の照明具としたもの 松明 たいまつ
84%
12月 師走 しはす
82%
煩悩や迷いを脱して悟りの境地に達すること 解脱 げだつ
82%
政治 まつりごと
81%
嵯峨天皇により設置された都の治安維持にあたった役人 検非違使 けびいし
77%
弦が13本ある琴 さう
72%
歩いて行くこと 徒歩 かち
72%
大臣や大納言・中納言など三位以上の者の総称 上達部 かんだちめ
61%
五位以上の者の姓名につける敬称 朝臣 あそん
54%
天皇の子をもうけた女御・更衣 御息所 みやすんどころ
49%
顔立ち 容貌 かたち
49%
昨年 去年 こぞ
49%
中国の古い呼び名 唐土 もろこし
48%
18cmほどの竹製の縦笛 篳篥 ひちりき
47%
草地や荒れ地に群生する丈の低い茅 浅茅 あさぢ
47%
母親に代わって養育を担当する女性 乳母 めのと
47%
東西南北 四方 よも
45%
大臣・公卿を敬った言い方 大臣 おとど
44%
夜寝る時上にかかる夜具 ふすま
44%
節日や公事のある日に宮中で催された儀式や宴会 節会 せちえ
43%
母屋の周囲を取り巻く部屋で女房たちはここに控えている 庇・廂 ひさし
43%
正装ではない貴族の平常服 直衣 なほし
42%
男女が共寝した翌朝 後朝 きぬぎぬ
30%
地方官の娘から選ばれ天皇の食事など日常的な雑事に奉仕した女官 采女 うねめ
30%
乾燥させた飯 乾飯 ほしいひ
30%
仏に供える水 閼伽 あか
23%
座る時や寝る時に敷く敷物 しとね
21%
表着と肌着の間に着る衣類 うちき
16%
子供の髪の結い方 総角 あげまき
16%
夏・冬の季節に応じて衣服や調度を替えること 更衣 ころもがへ
14%
修験道の修行者 験者 げんざ
8%
徳の高い僧 大徳 だいとこ
6%
みやげ つと
6%
束帯や直衣の下に着る衣類 あこめ
5%
童女が正装の時に袙の上に着た衣類 汗衫 かざみ
5%
誕生後50日目に行われる祝いの儀式 五十日の祝い いかのいはひ
4%
天皇や貴族の居室 御座 おまし
1%
No matching quizzes found
Score Distribution
Percent of People with Each Score
Percentile by Number Answered
Your Score History
You have not taken this quiz